000 02670nam a2200229Ia 4500
003 Ost
005 20260507074944.0
008 260507s9999||||xx |||||||||||||| ||und||
040 _cfsecg
041 _aara
082 _a519.72
100 _aالحمداني، رفاه شهاب
_eمؤلف
245 0 _aالبرمجة والتحليل الرياضي :
_bتطبيقات على الاقتصاد /
_c رفاه شهاب الحمداني
260 _aعمان:
_bدار المناهج,
_c2002
300 _a188 صفحة؛
_bإيضاحات ؛
_c24 سم
504 _aبيبليوغرافيا ص.187
520 _aيتناول هذا الكتاب مستويات لغات البرمجة كما يلي : المقدمة-الفصل الأول : البرمجة والبرامجيات : البرمجة بلغة الماكنة : لغات البرمجة : مستويات لغات البرمجة : المترجمات : المفسر : أنواع البرامجيات : حل المسائل بواسطة الحاسبة : البرمجة لغة باسكال : الثوابت : المعرفات : العمليات الرياضية : التعابير الرياضية-الفصل الثاني : النماذج الاقتصادية ومشكلة توازن الاقتصادي القومي : النموذج الاقتصادي : النموذج الاقتصادي : النموذج الساكن لتوزان الاقتصاد القومي : النماذج الحركية : نموذج التوازن لاقتصاد قومي وفق النماذج الحركية المتقطعة : معادلات الفروق : الاندراج : الاندراج الخطي : الاندراج في متعدد الحدود-الفصل الثالث : حل منظومة النماذج الخطية : الحلول العددية لأنظمة المعادلات الخطية : طريقة الحذف لكاوس : حل منظومة المعادلات الخطية بإيجاد معكوس مصفوفه المعاملات-الفصل الرابع : حل المعادلات غير الخطية : استخام الرسم في حل المعادلات غير الخطية : طرق حل المعادلات غير الخطية : الحلول العددية للمعادلات التفاضلية الاعتيادية-الفصل الخامس : الأساليب الرياضية في تحقيق الكفاءة الاقتصادية وتوازن النظام الاقتصادي : البرمجة الخطية : المستخدم المنتج : الأسلوب القياسي : البرمجة اللاخطية.
653 _aاقتصاد رياضي
653 _aبرمجة
653 _aتحليل رياضي
942 _cكتاب
999 _c41950
_d41950